Chronologie de l'orient romain - Statistiques

Statistiques générales
  • Ce quiz a été pris 14 fois
  • Le résultat moyen est 13 sur 60
Statistiques - réponses
Hint Réponse % Correct
Octave est fait Auguste 27
100%
victoire d’Octave à Actium contre Antoine 31
100%
Antoine rencontre Cléopâtre à Tarse 41
100%
César dictateur à vie, puis assassinat 44
100%
Bataille de Pharsale, puis mort de Pompée 48
100%
Guerre civile entre César et Pompée 49
100%
Désastre de Crassus à Carrhae contre les Parthes : perte des aigles 53
78%
Guerre contre Mithridate 66
78%
Caius César assure le contrôle de l’Arménie face aux Parthes 1
67%
Ponce Pilate devient préfet de Judée 26
44%
affrontements entre Grecs et Juifs à Alexandrie : Philon d’Alexandrie à Rome 38-40
44%
Rencontre et accord de Lucius Vitellius avec Artaban III sur l’Euphrate 37
33%
Le royaume de Thrace devient province romaine 46
33%
révolte de Judée 52
33%
L’Arménie entre dans la zone d’influence parthe 53
33%
Corbulon en Arménie pour contrer l’offensive parthe 56-60
33%
voyage de Néron en Grèce 66-67
33%
Vespasien est acclamé par ses troupes syriennes et alexandrines 69
33%
Édit de Caracalla 212
22%
l’empereur introduit sur le Palatin le culte du dieu d’Émèse 219
22%
guerre juive, réorganisation des frontières de la Judée 66-74
22%
destruction du temple de Jérusalem par Titus 70
22%
Pescennius Niger est acclamé par les troupes de Syrie. Il est vaincu à Issos 193-194
11%
victoires de l’empereur contre les Parthes. Prise de Byzance 195
11%
usurpation de Clodius Albinus 195-197
11%
Macrin négocie un arrêt des hostilités avec les Parthes 217
11%
fondation de l’empire des Sassanides 226
11%
les Perses envahissent la Mésopotamie 230
11%
compagnes de l’empereur en Orient 231-232
11%
Le peuple de Rome s’oppose au mariage de Titus avec Bérénice, reine de Judée 75
11%
guerre contre les Daces, sans succès majeur 85-88
11%
Première guerre dacique. Reddition de Décébale 101-102
0%
Deuxième guerre dacique. Mort de Décébale 105-106
0%
Conquête et annexion du royaume nabatéen d’Arabie 106
0%
campagne contre les Parthes, menée par l’empereur 113-117
0%
soulèvement des Juifs à Chypre, Cyrène, en Judée et en Égypte 117
0%
Tacite rédige les Annales, consacrées aux règnes des Judo-Claudiens 120
0%
séjour en Orient. Initiation de l’empereur aux mystères d’Éleusis 124-125
0%
mort de Plutarque, auteur des Vies parallèles 126
0%
voyage en Orient 129-130
0%
séjour en Égypte. Création d’Antinoopolis 130-131
0%
Hadrien dédicace l’Olympeion, à Athènes 131-132
0%
révolte de Jérusalem et séjour d’Hadrien en Judée. Création d’Aelia Capitolina 132-135
0%
discours d’Aelius Aristide intitulé Éloge de Rome 144
0%
révolte en Égypte 152-153
0%
opérations militaires contre les tribus daciques 157-158
0%
Lucien Vérus mène la guerre contre les Parthes 161-166
0%
épidémie de peste depuis l’Asie mineure et l’Égypte jusqu’à l’Italie et au Rhin 164-165
0%
guerre contre les Marcomans dans le Bas-Danube 167-175
0%
révolte des « bouviers » dans le Delta du Nil 172-173
0%
révolte d’Avidius Crassus, gouverneur de Syrie 175
0%
voyage de Marc Aurèle en Orient et en Égypte 176
0%
Marc Aurèle et Commode se rendent sur le Danube pour combattre les Marcomans 178
0%
guerre contre les Parthes 198
0%
séjour impérial en Égypte et en Syrie 198-201
0%
premier consulat de Dion Cassius, auteur de l’Histoire romaine 206
0%
l’empereur fait massacrer les Alexandrins 215
0%
préparation de l’expédition contre les Parthes 217
0%
Flavius Josèphe rédige La Guerre des Juifs 75-79
0%
Flavius Josèphe rédige les Antiquités juives, qui résument l’histoire du peuple 93-98
0%
Aucun quiz correspondant
Distribution des résultats
% des personnes avec chaque résultat
Percentile par nombre de réponses
Votre historique - résultats
Vous n’avez pas pris ce quiz